000 00473nam a2200181Ia 4500
008 230711s9999||||xx |||||||||||||| ||und||
020 _a978-0-07-063424-4
041 _aENG
082 _a621.381
_bMA-E
100 _aMalvino,Albert
245 0 _aElectronics principles
250 _a7th Ed.
260 _c2007
_aNew Delhi
_bMcGraw Hill Education(India) Private Limited
300 _a1018p.
650 _aElectrical Engineering
700 _aBates,David.J
942 _cBK
999 _c6238
_d6238